Clinical pathology : clinical microbiology and the processes of disease /
Uložené v:
| Hlavní autori: | , |
|---|---|
| Médium: | Kniha |
| Jazyk: | English |
| Vydané: |
Oxford :
Blackwell,
1966.
|
| Vydanie: | 1 st ed. |
| ISBN: |
(viaz.) |
| Fyzický popis: |
857 s. : il. |
| Tagy: |
Pridať tag
Žiadne tagy, Buďte prvý kto otaguje tento záznam!
|
Titul je dostupný aj v ... 

MARC
| LEADER | 00000nam a2200000 a 4500 | ||
|---|---|---|---|
| 001 | 000103708 | ||
| 005 | 20091227170538.0 | ||
| 008 | 020415s1966 xxk eng d | ||
| 020 | |a (viaz.) | ||
| 040 | |a SVKKK |b slo |c SVKKK |e AACR2 | ||
| 041 | 0 | |a eng | |
| 044 | |a xxk |c GB | ||
| 100 | 1 | |a Gray, Allan J. D. |4 aut | |
| 245 | 1 | 0 | |a Clinical pathology : |b clinical microbiology and the processes of disease / |c Allan J. D. Gray, George Discombe. |
| 250 | |a 1 st ed. | ||
| 260 | |a Oxford : |b Blackwell, |c 1966. | ||
| 300 | |a 857 s. : |b il. | ||
| 500 | |a Bibliografiea | ||
| 700 | 1 | |a Discombe, George |4 aut | |
| 910 | |a svkkk | ||
| 998 | |a BK | ||
| 090 | |g SCKHL |k Sklad Pribinova 2. posch. |a III.92519 |j 373279 |i 2720681906 |s Absenčne | ||